| 000 | 00456 a2200157 4500 | ||
|---|---|---|---|
| 020 | _a052179028X | ||
| 020 | _a0521793769 | ||
| 040 |
_aDLC _bDLC |
||
| 100 | 1 | _aNarlikar, Jayant Vishnu, | |
| 245 | 1 | 3 |
_aAn introduction to cosmology _cJayant V. Narlikar. |
| 250 | _a3rd ed. | ||
| 260 |
_aCambridge, UK ; _aNew York, NY : _bCambridge University Press, _c2002. |
||
| 300 |
_axvii, 541 p. : _bill. ; _c25 cm. |
||
| 650 | 0 | _aCosmology. | |
| 942 |
_cBK _k523.1 NAR _2ddc |
||
| 999 |
_c7712 _d7712 |
||